| 000 | 00344nam a22001577a 4500 | ||
|---|---|---|---|
| 003 | SGT | ||
| 020 | _a818974770-3 | ||
| 082 |
_a615 _bBHA |
||
| 100 | _aBASKARAN, DR. SHYAMALA | ||
| 245 | _aPHARMACEUTICAL DOSAGE FORM | ||
| 250 | _a2ND | ||
| 260 |
_aINDIA _bBIRLA PUB. _c2026 |
||
| 300 | _a286 | ||
| 650 | _aPHARMACEUTICAL | ||
| 942 |
_2ddc _cBK |
||
| 999 |
_c32971 _d32971 |
||